| 000 | 00478nam a2200181 a 4500 | ||
|---|---|---|---|
| 001 | 12222 | ||
| 005 | 20180713200451.0 | ||
| 008 | 140415s1967 sp 000 0 spa d | ||
| 041 | _aspa | ||
| 082 |
_a144 _bCOR |
||
| 100 | 1 | _aCORTS GRAU, JOSE | |
| 245 | 1 | 4 | _aLOS HUMANISMOS Y EL HOMBRE |
| 250 | _a1a ed. | ||
| 260 |
_aESPAÑA : _bPRENSA ESPAÑOLA, _c1967 |
||
| 300 | _a277 | ||
| 490 |
_aCOLECCION PLINTO _v2 |
||
| 650 | 1 | 4 |
_aANTROPOLOGIA FILOSOFICA _xHUMANISMO |
| 999 |
_c12222 _d12222 |
||